Cosmetics.

Bibliographic Details
Format: Government Document eBook
Language:English
Published: [Rockville, Md.] : FDA Office of Women's Health, [2018?]
Subjects:
Online Access:https://purl.fdlp.gov/GPO/gpo119184

MARC

Tag First Indicator Second Indicator Subfields
LEADER 00000nam a2200000 i 4500
001 in00004065663
005 20190805134535.0
006 m o d f
007 cr |||||||||||
008 190418s2018 mdua o f000 0 eng c
035 |a (OCoLC)on1097606880 
042 |a pcc 
040 |a GPO  |b eng  |e rda  |e pn  |c GPO  |d MvI 
049 |a WWW 
074 |a 0475-H-10 (online) 
086 0 |a HE 20.4053/2:C 82/2018 
245 0 0 |a Cosmetics. 
264 1 |a [Rockville, Md.] :  |b FDA Office of Women's Health,  |c [2018?] 
300 |a 1 online resource (2 unnumbered pages) :  |b color illustrations 
336 |a text  |b txt  |2 rdacontent 
337 |a computer  |b c  |2 rdamedia 
338 |a online resource  |b cr  |2 rdacarrier 
650 0 |a Cosmetics. 
650 7 |a Cosmetics.  |2 fast  |0 (OCoLC)fst00880500 
710 1 |a United States.  |b Food and Drug Administration.  |b Office of Women's Health,  |e issuing body. 
856 4 0 |u https://purl.fdlp.gov/GPO/gpo119184  |t 0 
999 f f |s 956908af-3b04-330f-b72b-18a9ee618e50  |i 629bd46d-6a65-35e0-885d-8b5245cd3b71  |t 0 
952 f f |a Texas A&M University  |b College Station  |c Electronic Resources  |d Available Online  |t 0  |e HE 20.4053/2:C 82/2018  |h Superintendent of Documents classification 
998 f f |a HE 20.4053/2:C 82/2018  |t 0  |l Available Online